FRM Act annual report to parliament 2009 (Record no. 110685)

MARC details
000 -LEADER
fixed length control field 01324cad a22002295a 4500
001 - CONTROL NUMBER
control field E149950
008 - FIXED-LENGTH DATA ELEMENTS--GENERAL INFORMATION
fixed length control field 100519e20100513xxk f s000 0 eng d
020 ## - INTERNATIONAL STANDARD BOOK NUMBER
International Standard Book Number 9780755983124
035 ## - SYSTEM CONTROL NUMBER
System control number (Sirsi) u149950
041 0# - LANGUAGE CODE
Language code of text/sound track or separate title eng
110 2# - MAIN ENTRY--CORPORATE NAME
Corporate name or jurisdiction name as entry element Scotland
Subordinate unit Scottish Government
9 (RLIN) 5344
245 00 - TITLE STATEMENT
Title FRM Act annual report to parliament 2009
Remainder of title Flood Risk Management (Scotland) Act 2009
Medium [electronic resource]
260 ## - PUBLICATION, DISTRIBUTION, ETC.
Place of publication, distribution, etc. Edinburgh
Name of publisher, distributor, etc. Scottish Government
Date of publication, distribution, etc. 2010
505 2# - FORMATTED CONTENTS NOTE
Formatted contents note Section 1, introduction and background -- Section 2, our approach to implementing the FRM Act -- Section 3, annual progress update
520 ## - SUMMARY, ETC.
Summary, etc. The Flood Risk Management (Scotland) Act 2009 requires that an annual report on progress in managing flooding should be laid before the Scottish Parliament. This is the first such report and outlines the progress made by the Scottish Government, SEPA, local authorities and Scottish Water in implementing the Act and achieving compliance with the Floods Directive during 2009.
590 ## - LOCAL NOTE (RLIN)
Local note KA
650 24 - SUBJECT ADDED ENTRY--TOPICAL TERM
Topical term or geographic name entry element FLOOD RISK MANAGEMENT (SCOTLAND) ACT 2009
651 #4 - SUBJECT ADDED ENTRY--GEOGRAPHIC NAME
Geographic name Scotland
Chronological subdivision 1999-
690 ## - LOCAL SUBJECT ADDED ENTRY--TOPICAL TERM (OCLC, RLIN)
Topical term or geographic name as entry element ENVIRONMENTAL AND LAND CONSULTANCY-WATER RESOURCE MANAGEMENT-FLOODING
856 40 - ELECTRONIC LOCATION AND ACCESS
Uniform Resource Identifier <a href="https://www.scotland.gov.uk/Publications/2010/05/14113652/0">https://www.scotland.gov.uk/Publications/2010/05/14113652/0</a>
Public note View the report free of charge at www.scotland.gov.uk
942 ## - ADDED ENTRY ELEMENTS (KOHA)
Suppress in OPAC 0
Holdings
Withdrawn status Lost status Source of classification or shelving scheme Damaged status Not for loan Home library Current library Shelving location Date acquired Total Checkouts Full call number Barcode Date last seen Copy number Price effective from Koha item type
    Dewey Decimal Classification     Virtual Virtual Online 19/05/2010   ONLINE PUBLICATION 149950-2001 06/08/2019 1 06/08/2019 Book